The Beatles 'Please Please Me' Track List - Statistics

General Stats
  • This quiz has been taken 256 times
  • The average score is 11 of 14
Answer Stats
Track Number Answer % Correct
1 I Saw Her Standing There
92%
8 Love Me Do
92%
7 Please Please Me
92%
14 Twist And Shout
92%
5 Boys
88%
3 Anna (Go To Him)
86%
4 Chains
86%
2 Misery
82%
12 A Taste Of Honey
80%
11 Do You Want To Know A Secret
80%
9 P.S I Love You
73%
13 There's A Place
67%
6 Ask Me Why
65%
10 Baby It's You
59%
No matching quizzes found
Score Distribution
Percent of People with Each Score
Percentile by Number Answered
Your Score History
You have not taken this quiz